[Event "Joao Pessoa op"]
[Site "Joao Pessoa"]
[Date "2023.03.22"]
[Round "3"]
[White "Da Silva, Erick Feitosa"]
[Black "Camara, Jose Arruda"]
[Result "1-0"]
[WhiteElo "2011"]
[BlackElo "1879"]
[PlyCount "71"]
[EventDate "2023.03.17"]
[EventType "swiss"]
[EventRounds "6"]
[EventCountry "BRA"]
[SourceTitle "EXT 2024"]
[Source "ChessBase"]
[SourceDate "2023.10.10"]
[SourceVersion "1"]
[SourceVersionDate "2023.10.10"]
[SourceQuality "1"]

1. c4 c5 2. Nc3 Nc6 3. Nf3 d6 4. e3 Nf6 5. d4 g6 6. Be2 cxd4 7. exd4 Bg7 8. d5 Nb8 9. 0-0 0-0 10. Qc2 Na6 11. Be3 Nc5 12. Nd4 Ng4 13. Bxg4 Bxg4 14. Qd2 Re8 15. Bh6 Bh8 16. Rae1 Qb6 17. Be3 Qd8 18. Bg5 Bc8 19. Re2 Nd7 20. Nf3 Nf6 21. Rfe1 Bg4 22. Qf4 Bxf3 23. Qxf3 Qd7 24. h4 Bg7 25. h5 Rac8 26. hxg6 hxg6 27. Qf4 a6 28. Re3 b5 29. Bxf6 Bxf6 30. Ne4 Be5 31. Qh4 Rxc4 32. b3 Rd4 33. f4 Bg7 34. Ng5 Rxd5 35. Qh2 Bd4 36. Qh7+ 1-0

[Event "Joao Pessoa op"]
[Site "Joao Pessoa"]
[Date "2023.03.17"]
[Round "1"]
[White "Camara, Jose Arruda"]
[Black "Virgulino, Judith Polgar Braga"]
[Result "1-0"]
[WhiteElo "1879"]
[BlackElo "1279"]
[PlyCount "59"]
[EventDate "2023.03.17"]
[EventType "swiss"]
[EventRounds "6"]
[EventCountry "BRA"]
[SourceTitle "EXT 2024"]
[Source "ChessBase"]
[SourceDate "2023.10.10"]
[SourceVersion "1"]
[SourceVersionDate "2023.10.10"]
[SourceQuality "1"]

1. e4 e5 2. Nf3 Nc6 3. Bc4 h6 4. 0-0 Bc5 5. c3 Nf6 6. d4 exd4 7. cxd4 Bb6 8. e5 Nh7 9. d5 Nb8 10. Nc3 0-0 11. d6 Nc6 12. Nd5 Re8 13. Re1 cxd6 14. exd6 Rxe1+ 15. Qxe1 Nf6 16. Nxf6+ Qxf6 17. Qe8+ Kh7 18. Bd3+ g6 19. h4 Nd4 20. h5 Nxf3+ 21. gxf3 Bc5 22. hxg6+ fxg6 23. Bf4 Bxd6 24. Bxd6 Qxd6 25. Qf7+ Kh8 26. Bxg6 Qxg6+ 27. Qxg6 b6 28. Re1 Bb7 29. Qxh6+ Kg8 30. Re7 1-0

[Event "Joao Pessoa de Assis Memorial 2nd"]
[Site "Joao Pessoa"]
[Date "2022.10.21"]
[Round "2"]
[White "Camara, Jose Arruda"]
[Black "Urquiza, Marcello de Albuque"]
[Result "0-1"]
[WhiteElo "1883"]
[BlackElo "2038"]
[PlyCount "48"]
[EventDate "2022.10.21"]
[EventType "swiss"]
[EventRounds "6"]
[EventCountry "BRA"]
[SourceTitle "CBM 210 Extra"]
[Source "ChessBase"]
[SourceDate "2022.11.30"]
[SourceVersion "1"]
[SourceVersionDate "2022.11.30"]
[SourceQuality "1"]

1. e4 c5 2. Nf3 e6 3. d4 cxd4 4. Nxd4 a6 5. c4 Nf6 6. Bd3 d6 7. 0-0 b6 8. Nc3 Bb7 9. Be3 Nbd7 10. f3 Be7 11. b3 0-0 12. Qe1 Rc8 13. Rd1 Qc7 14. Qg3 Ne5 15. Be2 Ng6 16. Na4 Rfe8 17. Nc2 b5 18. Bb6 Qb8 19. Nb2 Bxe4 20. fxe4 Qxb6+ 21. Kh1 Nxe4 22. Qf3 Nf6 23. Nd4 Ne5 24. Qf4 bxc4 0-1

[Event "Joao Pessoa Fischer Memorial 11th"]
[Site "Joao Pessoa"]
[Date "2022.05.06"]
[Round "2"]
[White "Camara, Jose Arruda"]
[Black "Gauche, Charles"]
[Result "1-0"]
[WhiteElo "1856"]
[BlackElo "2164"]
[PlyCount "73"]
[EventDate "2022.05.06"]
[EventType "swiss"]
[EventRounds "6"]
[EventCountry "BRA"]
[SourceTitle "EXT 2023"]
[Source "ChessBase"]
[SourceDate "2022.10.05"]
[SourceVersion "1"]
[SourceVersionDate "2022.10.05"]
[SourceQuality "1"]

1. e4 d5 2. exd5 Nf6 3. d4 Nxd5 4. c4 Nb6 5. Nc3 g6 6. h3 Bg7 7. Nf3 0-0 8. Be2 Nc6 9. Be3 e6 10. 0-0 Ne7 11. Bf4 c6 12. Qd2 Nf5 13. Rad1 Re8 14. b3 Nd7 15. g4 Ne7 16. Ne4 f6 17. Bh6 Rf8 18. Bxg7 Kxg7 19. Qe3 Qc7 20. Rfe1 Re8 21. Bf1 b6 22. Nc3 Nf8 23. d5 cxd5 24. cxd5 Qc5 25. dxe6 Nxe6 26. Qxc5 bxc5 27. Bb5 Kf7 28. Bxe8+ Kxe8 29. Nb5 Bd7 30. Rxe6 Bxe6 31. Nc7+ Kf7 32. Nxa8 Bd5 33. Nc7 Bxf3 34. Rc1 Nc8 35. Rxc5 Bb7 36. Nb5 Ke6 37. Rc7 1-0

[Event "Joao Pessoa de Assis Memorial 1st"]
[Site "Joao Pessoa"]
[Date "2019.11.16"]
[Round "3"]
[White "Camara, Jose Arruda"]
[Black "Gomes, Genildo de Souza"]
[Result "1-0"]
[WhiteElo "1851"]
[BlackElo "1681"]
[PlyCount "49"]
[EventDate "2019.11.15"]
[EventType "swiss"]
[EventRounds "6"]
[EventCountry "BRA"]
[SourceTitle "CBM 193 Extra"]
[Source "ChessBase"]
[SourceDate "2020.01.31"]
[SourceVersion "1"]
[SourceVersionDate "2020.01.31"]
[SourceQuality "1"]

1. e4 e6 2. d4 d5 3. e5 c5 4. c3 Nc6 5. Nf3 Qb6 6. Bd3 cxd4 7. cxd4 Bb4+ 8. Nc3 Bd7 9. a3 Qa5 10. Bd2 Bxc3 11. Bxc3 Qc7 12. 0-0 Nge7 13. Rc1 Rc8 14. b4 Qb8 15. b5 Nd8 16. Qe2 b6 17. Bb4 Nb7 18. Ng5 Nf5 19. Bxf5 exf5 20. e6 fxe6 21. Nxe6 Kf7 22. Ng5+ Kg6 23. h4 h6 24. h5+ Kxg5 25. Be7+ 1-0

[Event "Recife Arraes Memorial 12th"]
[Site "Recife"]
[Date "2019.08.30"]
[Round "2"]
[White "Bouwman, Marcelo Wanderley"]
[Black "Camara, Jose Arruda"]
[Result "1-0"]
[WhiteElo "2176"]
[BlackElo "1859"]
[PlyCount "59"]
[EventDate "2019.08.30"]
[EventType "swiss"]
[EventRounds "6"]
[EventCountry "BRA"]
[SourceTitle "EXT 2020"]
[Source "ChessBase"]
[SourceDate "2019.10.17"]
[SourceVersion "1"]
[SourceVersionDate "2019.10.17"]
[SourceQuality "1"]

1. e4 e6 2. d3 d5 3. Nd2 Nc6 4. Ngf3 Nf6 5. g3 Be7 6. Bg2 0-0 7. 0-0 b6 8. Re1 Bb7 9. e5 Nd7 10. d4 Na5 11. c3 c5 12. Nf1 Qc7 13. h4 cxd4 14. Nxd4 a6 15. Bf4 Nc6 16. Qh5 Rac8 17. Rad1 Nxd4 18. Rxd4 Bc5 19. Rdd1 Be7 20. Nh2 Qc4 21. a3 Qb3 22. Rd2 b5 23. Nf3 Qa4 24. Ng5 Bxg5 25. Bxg5 a5 26. Bf1 Nc5 27. Rd4 Qb3 28. Rg4 Kh8 29. Bf6 gxf6 30. Qh6 1-0

[Event "BRA-ch Amateur U2000"]
[Site "Sao Paulo"]
[Date "2019.06.20"]
[Round "2"]
[White "Camara, Jose Arruda"]
[Black "Gambale, Eduardo de Aquino"]
[Result "0-1"]
[WhiteElo "1879"]
[BlackElo "1980"]
[PlyCount "53"]
[EventDate "2019.06.20"]
[EventType "swiss"]
[EventRounds "7"]
[EventCountry "BRA"]
[SourceTitle "EXT 2020"]
[Source "ChessBase"]
[SourceDate "2019.10.17"]
[SourceVersion "1"]
[SourceVersionDate "2019.10.17"]
[SourceQuality "1"]

1. e4 c5 2. Nf3 Nc6 3. d4 cxd4 4. Nxd4 Nf6 5. Nc3 d6 6. Be2 e5 7. Nb3 Be7 8. Be3 0-0 9. 0-0 Be6 10. Bf3 a6 11. Nd5 Bxd5 12. exd5 Nb8 13. c4 Nbd7 14. Qd2 Rc8 15. Rac1 Ne8 16. Na5 f5 17. g3 Rc7 18. b4 g5 19. Nc6 bxc6 20. dxc6 f4 21. Qd5+ Kh8 22. Bd2 Ndf6 23. Qd3 g4 24. Bd5 Nxd5 25. cxd5 Bg5 26. b5 axb5 27. Ba5 0-1

[Event "Natal Potiguar op 11th"]
[Site "Natal"]
[Date "2019.06.09"]
[Round "5"]
[White "Camara, Jose Arruda"]
[Black "Urquiza, Marcello de Albuque"]
[Result "0-1"]
[WhiteElo "1879"]
[BlackElo "2049"]
[PlyCount "86"]
[EventDate "2019.06.07"]
[EventType "swiss"]
[EventRounds "6"]
[EventCountry "BRA"]
[SourceTitle "EXT 2020"]
[Source "ChessBase"]
[SourceDate "2019.10.17"]
[SourceVersion "1"]
[SourceVersionDate "2019.10.17"]
[SourceQuality "1"]

1. e4 c5 2. Nf3 e6 3. d4 cxd4 4. Nxd4 a6 5. Bd3 Nf6 6. 0-0 Qc7 7. Kh1 d5 8. exd5 Nxd5 9. c4 Nf6 10. Nc3 Be7 11. h3 0-0 12. Qc2 Nbd7 13. Re1 Rd8 14. Nf5 Bf8 15. Ng3 b6 16. Nge4 h6 17. Nxf6+ Nxf6 18. Be3 Bb7 19. a3 Rac8 20. Rad1 Qc6 21. Bf1 Bd6 22. Bd4 Bb8 23. Be5 Rxd1 24. Qxd1 Qc5 25. f4 Qf2 26. Qe2 Qh4 27. Kg1 Nh5 28. Qe3 Ba7 29. Kh2 Nf6 30. Bxf6 Qxf6 31. g3 h5 32. Bg2 Bxg2 33. Kxg2 Rxc4 34. Rd1 Rc7 35. h4 b5 36. Qf3 Qf5 37. Rd2 Kh7 38. Qa8 Qc5 39. Qe4+ g6 40. Qe2 Qg1+ 41. Kf3 Bd4 42. Ne4 Rc1 43. Ng5+ Kg7 0-1

[Event "Recife Tavares Memorial 2nd"]
[Site "Recife"]
[Date "2019.05.11"]
[Round "3.13"]
[White "Rocha, Vitor Firmo de Souz"]
[Black "Camara, Jose Arruda"]
[Result "1-0"]
[WhiteElo "2170"]
[BlackElo "1890"]
[PlyCount "70"]
[EventDate "2019.05.10"]
[EventType "swiss"]
[EventRounds "6"]
[EventCountry "BRA"]
[SourceTitle "EXT 2022"]
[Source "ChessBase"]
[SourceDate "2021.10.06"]
[SourceVersion "1"]
[SourceVersionDate "2021.10.06"]
[SourceQuality "1"]

1. e4 e6 2. d4 d5 3. Nd2 c5 4. dxc5 Bxc5 5. Nb3 Bb6 6. exd5 Qxd5 7. Qxd5 exd5 8. Nf3 Ne7 9. Bd3 Nbc6 10. c3 0-0 11. 0-0 Bg4 12. Be3 Bxf3 13. gxf3 Ne5 14. Be2 Bxe3 15. fxe3 Nc4 16. Bxc4 dxc4 17. Nd4 Rfe8 18. Nb5 Red8 19. Rad1 a6 20. Nd4 Nd5 21. Kf2 Re8 22. Rfe1 g6 23. Re2 Rac8 24. Nb5 Re5 25. Nd6 Rc7 26. Rd4 b5 27. Ne4 Kg7 28. Ng3 Ne7 29. e4 Nc6 30. Rd5 Ree7 31. a3 Ne5 32. Rd6 Nd3+ 33. Kf1 Nc5 34. Red2 Rcd7 35. R6d4 Ne6 1-0

[Event "Recife Akasaka Cup 7th"]
[Site "Recife"]
[Date "2019.04.13"]
[Round "4"]
[White "Rocha, Vitor Firmo de Souz"]
[Black "Camara, Jose Arruda"]
[Result "1-0"]
[WhiteElo "2174"]
[BlackElo "1900"]
[PlyCount "61"]
[EventDate "2019.04.12"]
[EventType "swiss"]
[EventRounds "6"]
[EventCountry "BRA"]
[SourceTitle "CBM 189 Extra"]
[Source "ChessBase"]
[SourceDate "2019.06.03"]
[SourceVersion "1"]
[SourceVersionDate "2019.06.03"]
[SourceQuality "1"]

1. e4 e6 2. d4 d5 3. Nd2 Nf6 4. e5 Nfd7 5. Bd3 Be7 6. Qg4 Bf8 7. Ndf3 c5 8. c3 cxd4 9. cxd4 Nc6 10. Ne2 f5 11. Qg3 Bb4+ 12. Kf1 Qe7 13. a3 Ba5 14. h4 Bc7 15. h5 Qf8 16. Ng5 Nf6 17. Bf4 Ne4 18. Bxe4 fxe4 19. Nxh7 Qf7 20. Qg6 Qxg6 21. hxg6 Rg8 22. Be3 Bd7 23. Nf4 0-0-0 24. Ng5 Rde8 25. Rc1 Kb8 26. Rh7 Bb6 27. Rd1 Na5 28. g4 Nb3 29. Kg2 Bd8 30. Nh5 Bb6 31. Nxg7 1-0

[Event "Recife Rafael Cabral Cup 6th"]
[Site "Recife"]
[Date "2018.09.29"]
[Round "4"]
[White "Barioni, Daniel Rossiter"]
[Black "Camara, Jose Arruda"]
[Result "1-0"]
[WhiteElo "1793"]
[BlackElo "1892"]
[PlyCount "103"]
[EventDate "2018.09.28"]
[EventType "swiss"]
[EventRounds "6"]
[EventCountry "BRA"]
[SourceTitle "EXT 2020"]
[Source "ChessBase"]
[SourceDate "2019.10.17"]
[SourceVersion "1"]
[SourceVersionDate "2019.10.17"]
[SourceQuality "1"]

1. d4 e6 2. Bf4 d5 3. e3 Nf6 4. c3 Bd6 5. Bg3 Ne4 6. Nd2 Nxg3 7. hxg3 Nd7 8. f4 Nf6 9. Bd3 Bd7 10. g4 g6 11. g5 Ng8 12. g4 Qe7 13. Ngf3 0-0-0 14. Qc2 Qe8 15. Ne5 Bxe5 16. dxe5 Bb5 17. Bxb5 Qxb5 18. Nb3 Qa4 19. Nd4 Qxc2 20. Nxc2 h5 21. 0-0-0 Ne7 22. gxh5 Rxh5 23. Rxh5 gxh5 24. b4 Nf5 25. Kd2 Ng3 26. Kd3 h4 27. Ne1 Ne4 28. Kd4 a5 29. Nf3 axb4 30. cxb4 h3 31. Rh1 Rh8 32. Ng1 Nf2 33. Rh2 Kd7 34. Kc3 Ng4 35. Rxh3 Rxh3 36. Nxh3 Nxe3 37. Nf2 b6 38. a4 c6 39. a5 bxa5 40. bxa5 Kc7 41. Kd4 Nc4 42. a6 Kb6 43. Ng4 c5+ 44. Kc3 Ne3 45. Nh6 d4+ 46. Kd3 Nf5 47. Nxf7 Kxa6 48. g6 Kb6 49. Nd6 Ng7 50. Kc4 Kc6 51. Ne4 Nf5 52. Nxc5 1-0

[Event "Recife Rafael Cabral Cup 6th"]
[Site "Recife"]
[Date "2018.09.28"]
[Round "2"]
[White "Brito, Luismar Jorge"]
[Black "Camara, Jose Arruda"]
[Result "1-0"]
[WhiteElo "2356"]
[BlackElo "1892"]
[PlyCount "61"]
[EventDate "2018.09.28"]
[EventType "swiss"]
[EventRounds "6"]
[EventCountry "BRA"]
[SourceTitle "EXT 2020"]
[Source "ChessBase"]
[SourceDate "2019.10.17"]
[SourceVersion "1"]
[SourceVersionDate "2019.10.17"]
[SourceQuality "1"]

1. Nc3 e5 2. Nf3 Nc6 3. d4 exd4 4. Nxd4 d5 5. Bf4 a6 6. e3 Bd6 7. Nxd5 Bxf4 8. Nxc6 Qd6 9. Nxf4 Qxc6 10. Qd4 Nf6 11. Qe5+ Kf8 12. 0-0-0 Bd7 13. f3 Re8 14. Qd4 Be6 15. b3 h5 16. Rd3 b6 17. Rc3 Qb7 18. e4 c5 19. Qd3 a5 20. Qd6+ Kg8 21. Bb5 Bd7 22. Bxd7 Nxd7 23. Rd1 Nb8 24. Rcd3 Rh6 25. Qd5 Qc7 26. g3 h4 27. Qg5 hxg3 28. hxg3 Nc6 29. Nd5 Qb7 30. Qd2 Ne5 31. Re3 1-0

[Event "Florianopolis op 4th"]
[Site "Florianopolis"]
[Date "2018.01.22"]
[Round "6"]
[White "Felix, Joao Eduardo Orland"]
[Black "Camara, Jose Arruda"]
[Result "0-1"]
[WhiteElo "1316"]
[BlackElo "1869"]
[PlyCount "108"]
[EventDate "2018.01.19"]
[EventType "swiss"]
[EventRounds "10"]
[EventCountry "BRA"]
[SourceTitle "EXT 2019"]
[Source "ChessBase"]
[SourceDate "2018.10.10"]
[SourceVersion "1"]
[SourceVersionDate "2018.10.10"]
[SourceQuality "1"]

1. e4 e6 2. d4 d5 3. Nd2 dxe4 4. Nxe4 Nf6 5. Nxf6+ Qxf6 6. Nf3 h6 7. c4 Bb4+ 8. Bd2 Bxd2+ 9. Qxd2 0-0 10. Bd3 Nd7 11. 0-0 c5 12. Bc2 cxd4 13. Qxd4 Qxd4 14. Nxd4 Ne5 15. b3 Bd7 16. Rfe1 Nc6 17. Nb5 Nb4 18. Bd1 Bxb5 19. cxb5 Rad8 20. Re3 Rd7 21. a3 Rfd8 22. Re1 Nd3 23. Re3 Kf8 24. Bf3 Nf4 25. g3 Nh3+ 26. Kf1 Ng5 27. Bg2 Nh7 28. Rc1 Nf6 29. Rec3 Rd1+ 30. Rxd1 Rxd1+ 31. Ke2 Rd7 32. a4 Ke7 33. b4 Nd5 34. Bxd5 Rxd5 35. Rc7+ Rd7 36. Rxd7+ Kxd7 37. Ke3 Kd6 38. Kd4 b6 39. f4 f6 40. h4 h5 41. Ke4 g6 42. Kd4 e5+ 43. fxe5+ fxe5+ 44. Ke4 Ke6 45. a5 Kd6 46. Kd3 Kd5 47. Ke3 e4 48. Ke2 Kd4 49. Kd2 e3+ 50. Ke2 Ke4 51. Ke1 Kf3 52. Kf1 e2+ 53. Ke1 Ke3 54. a6 Kd3 0-1

[Event "Florianopolis op 3rd"]
[Site "Florianopolis"]
[Date "2017.01.23"]
[Round "6"]
[White "Camara, Jose Arruda"]
[Black "Feller, Gabriela Luisa Vice"]
[Result "1-0"]
[WhiteElo "1832"]
[BlackElo "1504"]
[PlyCount "49"]
[EventDate "2017.01.20"]
[EventType "swiss"]
[EventRounds "10"]
[EventCountry "BRA"]
[SourceTitle "CBM 176 Extra"]
[Source "ChessBase"]
[SourceDate "2017.03.02"]
[SourceVersion "1"]
[SourceVersionDate "2017.03.02"]
[SourceQuality "1"]

1. e4 c5 2. Nf3 d6 3. Bb5+ Bd7 4. Bxd7+ Nxd7 5. 0-0 Ngf6 6. Re1 g6 7. c3 Bg7 8. d4 0-0 9. Nbd2 Rc8 10. Nf1 Qc7 11. e5 dxe5 12. dxe5 Ne8 13. e6 Ne5 14. Nxe5 Bxe5 15. Bh6 Ng7 16. exf7+ Rxf7 17. Qe2 Bd6 18. Ng3 Rcf8 19. Qc4 Kh8 20. Re2 a6 21. a4 Qa5 22. Rae1 Bf4 23. Bxg7+ Kxg7 24. Rxe7 Rxe7 25. Rxe7+ 1-0

[Event "Florianopolis op 3rd"]
[Site "Florianopolis"]
[Date "2017.01.22"]
[Round "4"]
[White "Camara, Jose Arruda"]
[Black "Leitao, Nicolau Daulibe"]
[Result "1/2-1/2"]
[WhiteElo "1832"]
[BlackElo "2160"]
[PlyCount "100"]
[EventDate "2017.01.20"]
[EventType "swiss"]
[EventRounds "10"]
[EventCountry "BRA"]
[SourceTitle "CBM 176 Extra"]
[Source "ChessBase"]
[SourceDate "2017.03.02"]
[SourceVersion "1"]
[SourceVersionDate "2017.03.02"]
[SourceQuality "1"]

1. e4 c5 2. Nf3 d6 3. Bb5+ Nd7 4. 0-0 Ngf6 5. Re1 a6 6. Bf1 g6 7. c3 Bg7 8. d4 e5 9. Nbd2 b5 10. a4 Rb8 11. axb5 axb5 12. Nb3 0-0 13. Bg5 Qc7 14. d5 c4 15. Na5 Bb7 16. b4 cxb3 17. Nxb3 Nc5 18. Nxc5 Qxc5 19. Qb3 Nxe4 20. Be3 Qxd5 21. c4 bxc4 22. Bxc4 Qc6 23. Rac1 Nc5 24. Qd1 h6 25. Qe2 Kh7 26. Red1 Ba6 27. Bxa6 Qxa6 28. Qxa6 Nxa6 29. Rxd6 Nb4 30. h4 e4 31. Nd2 f5 32. Rd7 Rfd8 33. Rcc7 Rxd7 34. Rxd7 Kg8 35. g4 Nd3 36. gxf5 gxf5 37. h5 Re8 38. Nc4 f4 39. Bb6 Ne5 40. Rc7 Nxc4 41. Rxc4 Kf7 42. Rc6 Re6 43. Rc7+ Re7 44. Rc6 e3 45. fxe3 fxe3 46. Kf1 e2+ 47. Ke1 Bf6 48. Rxf6+ Kxf6 49. Bd8 Kf7 50. Bxe7 Kxe7 1/2-1/2

[Event "Recife Arraes Memorial 9th"]
[Site "Recife"]
[Date "2016.10.23"]
[Round "5.6"]
[White "Camara, Jose Arruda"]
[Black "Macedo, Maximo Valerio"]
[Result "0-1"]
[WhiteElo "1870"]
[BlackElo "2033"]
[PlyCount "82"]
[EventDate "2016.10.21"]
[EventType "swiss"]
[EventRounds "6"]
[EventCountry "BRA"]
[SourceTitle "EXT 2022"]
[Source "ChessBase"]
[SourceDate "2021.10.06"]
[SourceVersion "1"]
[SourceVersionDate "2021.10.06"]
[SourceQuality "1"]

1. e4 c6 2. d4 d5 3. f3 dxe4 4. fxe4 e5 5. Nf3 exd4 6. Bc4 Qa5+ 7. c3 dxc3 8. Nxc3 Bg4 9. Qb3 Qc7 10. Ng5 Nh6 11. 0-0 Bh5 12. h3 Qb6+ 13. Kh1 Qxb3 14. Bxb3 Nd7 15. Bf4 Nc5 16. Bc2 f6 17. Nf3 Nf7 18. b4 Ne6 19. Bd2 Bxf3 20. gxf3 Nd4 21. Bd1 0-0-0 22. Na4 Nc2 23. Bxc2 Rxd2 24. Bb3 Ne5 25. a3 Be7 26. Be6+ Kc7 27. f4 Nd3 28. Kg1 Rd8 29. Nc3 Nb2 30. Rac1 Kb8 31. Nb1 Rd1 32. Rfxd1 Rxd1+ 33. Rxd1 Nxd1 34. Kf1 Nb2 35. Ke2 Bd6 36. Kf3 Nd3 37. f5 Ne5+ 38. Ke3 Bc7 39. Nd2 a5 40. bxa5 Bxa5 41. Nb3 Bc3 0-1

[Event "Recife Arraes Memorial 9th"]
[Site "Recife"]
[Date "2016.10.22"]
[Round "3.20"]
[White "Camara, Jose Arruda"]
[Black "Akasaka, Eduardo"]
[Result "1-0"]
[WhiteElo "1870"]
[BlackElo "1479"]
[PlyCount "53"]
[EventDate "2016.10.21"]
[EventType "swiss"]
[EventRounds "6"]
[EventCountry "BRA"]
[SourceTitle "EXT 2022"]
[Source "ChessBase"]
[SourceDate "2021.10.06"]
[SourceVersion "1"]
[SourceVersionDate "2021.10.06"]
[SourceQuality "1"]

1. e4 c5 2. Nf3 e6 3. c3 a6 4. d4 cxd4 5. cxd4 Qc7 6. Bd3 d5 7. exd5 exd5 8. 0-0 Nf6 9. Nc3 b5 10. Bg5 Nbd7 11. Rc1 Qb7 12. Re1+ Be7 13. Qe2 Nb6 14. Qe5 Be6 15. Bxf6 Bxf6 16. Qh5 g6 17. Qh6 b4 18. Ne2 Qe7 19. Nf4 Kd7 20. Nxe6 fxe6 21. Qf4 Qd8 22. Rc5 Re8 23. Rec1 Rc8 24. Bxa6 Rxc5 25. Rxc5 g5 26. Bb5+ Ke7 27. Nxg5 1-0